Southville International School and Colleges
Your cart is empty.
  • Cart
  • Lists
    Public lists Eva Luna New books Lux_list list_1
    Your lists Log in to create your own lists
  • Log in to your account
  • Your cookies
  • Search history
Southville International School and Colleges
  • Advanced search
  • Recent comments
  • Most popular
  • Libraries

Log in to your account

Log in with GOOGLE


If you do not have an external account, but do have a local account, you can still log in:

  1. Home
  2. MARC view: The Second Form at St Clare's
Normal view MARC view ISBD view

The Second Form at St Clare's (Record no. 1235)

[ view plain ]
MARC details
000 -LEADER
fixed length control field 00497nam a22001937a 4500
003 - CONTROL NUMBER IDENTIFIER
control field OSt
005 - DATE AND TIME OF LATEST TRANSACTION
control field 20140310181702.0
008 - FIXED-LENGTH DATA ELEMENTS--GENERAL INFORMATION
fixed length control field 121119t xxu||||| |||| 00| 0 eng d
020 ## - INTERNATIONAL STANDARD BOOK NUMBER
International Standard Book Number 0416173926
050 ## - LIBRARY OF CONGRESS CALL NUMBER
Classification number PZ 7
Item number .B661 1991
082 ## - DEWEY DECIMAL CLASSIFICATION NUMBER
Classification number KF
Item number B62s 1991
100 ## - MAIN ENTRY--PERSONAL NAME
Personal name Blyton, Enid
9 (RLIN) 4844
245 ## - TITLE STATEMENT
Title The Second Form at St Clare's
Statement of responsibility, etc Enid Blyton
260 ## - PUBLICATION, DISTRIBUTION, ETC. (IMPRINT)
Place of publication, distribution, etc London
Name of publisher, distributor, etc Hamlyn Publishing Group
Date of publication, distribution, etc 1991
300 ## - PHYSICAL DESCRIPTION
Extent 154 p. ;
Dimensions 19 cm.
541 ## - IMMEDIATE SOURCE OF ACQUISITION NOTE
-- 1
562 ## - COPY AND VERSION IDENTIFICATION NOTE
Number of copies 1
942 ## - ADDED ENTRY ELEMENTS (KOHA)
Source of classification or shelving scheme Library of Congress Classification
Koha item type
Call number prefix
Holdings
Withdrawn status Lost status Source of classification or shelving scheme Damaged status Home library Current library Shelving location Date acquired Total Checkouts Full call number Barcode Date last seen Copy number Price effective from Koha item type
    Library of Congress Classification   Luxembourg Library Luxembourg Library Kids Fiction Section     PZ 7 .B661 1991 1934 08/13/2013 1 10/03/2013 Books

The Second Form at St Clare's

APA

Blyton E., . (1991). The Second Form at St Clare's. London: Hamlyn Publishing Group.

Chicago

Blyton Enid, . 1991. The Second Form at St Clare's. London: Hamlyn Publishing Group.

Harvard

Blyton E., . (1991). The Second Form at St Clare's. London: Hamlyn Publishing Group.

MLA

Blyton Enid, . The Second Form at St Clare's. London: Hamlyn Publishing Group. 1991.

  • Place hold
  • Print
  • Cite
  • Add to your cart (remove)
  • Save record
    BIBTEX Dublin Core MARCXML MARC (non-Unicode/MARC-8) MARC (Unicode/UTF-8) MARC (Unicode/UTF-8, Standard) MODS (XML) RIS
  • More searches
    Search for this title in:
    Other Libraries (WorldCat) Other Databases (Google Scholar) Online Stores (Bookfinder.com) Open Library (openlibrary.org)

Exporting to Dublin Core...

SOUTHVILLE LIBRARY

Southville International School and Colleges Library

1281 Tropical Ave. Cor. Luxembourg St., BF Homes International, Las Pinas City

Tel. No. 8256374 / 252358 Loc. 117/146

Powered by Koha